[Event "ROM-chT Blitz"]
[Site "Sebes"]
[Date "2022.12.04"]
[Round "6.32"]
[White "Carac, Radu Ionut"]
[Black "Tarciuc, Ianis Mihai"]
[Result "0-1"]
[WhiteElo "1569"]
[BlackElo "1642"]
[PlyCount "42"]
[EventDate "2022.12.04"]
[EventType "team-swiss (blitz)"]
[EventRounds "8"]
[EventCountry "ROU"]
[SourceTitle "CBM 211 Extra"]
[Source "ChessBase"]
[SourceDate "2023.01.31"]
[SourceVersion "1"]
[SourceVersionDate "2023.01.31"]
[SourceQuality "1"]
[WhiteTeam "Medgidia"]
[BlackTeam "Alba Iulia Unirea II"]
[WhiteTeamCountry "ROU"]
[BlackTeamCountry "ROU"]

1. d4 Nf6 2. c4 g6 3. Nc3 Bg7 4. e4 d6 5. Be2 0-0 6. Nf3 Nbd7 7. 0-0 e5 8. d5 a5 9. b3 Nc5 10. Qc2 Ne8 11. a3 f5 12. Nd2 Nf6 13. f3 f4 14. Bb2 g5 15. b4 Ncd7 16. Na4 h5 17. c5 g4 18. cxd6 cxd6 19. Nc4 b5 20. Nxd6 bxa4 21. Qxa4 Qb6+ 0-1

[Event "ROM-chT Blitz"]
[Site "Sebes"]
[Date "2022.12.04"]
[Round "5.32"]
[White "Chereches, Marius Calin"]
[Black "Tarciuc, Ianis Mihai"]
[Result "0-1"]
[WhiteElo "1472"]
[BlackElo "1642"]
[PlyCount "38"]
[EventDate "2022.12.04"]
[EventType "team-swiss (blitz)"]
[EventRounds "8"]
[EventCountry "ROU"]
[SourceTitle "CBM 211 Extra"]
[Source "ChessBase"]
[SourceDate "2023.01.31"]
[SourceVersion "1"]
[SourceVersionDate "2023.01.31"]
[SourceQuality "1"]
[WhiteTeam "Targu Mures Juvenes II"]
[BlackTeam "Alba Iulia Unirea II"]
[WhiteTeamCountry "ROU"]
[BlackTeamCountry "ROU"]

1. e4 c5 2. Nf3 g6 3. d4 cxd4 4. Nxd4 Nc6 5. Be3 Bg7 6. Nc3 Nf6 7. Bc4 d6 8. f3 a6 9. Qd2 Na5 10. Be2 Bd7 11. g4 Rc8 12. h4 h5 13. gxh5 Nxh5 14. f4 Ng3 15. Rh2 Nxe2 16. Qxe2 Nc4 17. 0-0-0 Qb6 18. b3 Nxe3 19. Qxe3 Qc5 0-1

[Event "ROM-chT Rapid"]
[Site "Sebes"]
[Date "2022.12.03"]
[Round "1.20"]
[White "Negrean, Andrei"]
[Black "Tarciuc, Ianis Mihai"]
[Result "1-0"]
[WhiteElo "1991"]
[BlackElo "1642"]
[PlyCount "65"]
[EventDate "2022.12.03"]
[EventType "team-swiss (rapid)"]
[EventRounds "8"]
[EventCountry "ROU"]
[SourceTitle "CBM 211 Extra"]
[Source "ChessBase"]
[SourceDate "2023.01.31"]
[SourceVersion "1"]
[SourceVersionDate "2023.01.31"]
[SourceQuality "1"]
[WhiteTeam "Alba Iulia Unirea"]
[BlackTeam "Alba Iulia Unirea II"]
[WhiteTeamCountry "ROU"]
[BlackTeamCountry "ROU"]

1. d4 Nf6 2. Nf3 g6 3. g3 Bg7 4. Bg2 0-0 5. 0-0 d5 6. c4 c6 7. b3 Bf5 8. Bb2 Nbd7 9. Nbd2 Re8 10. Nh4 Be6 11. Qc2 Rc8 12. e4 dxe4 13. Nxe4 Nxe4 14. Qxe4 Nb6 15. Rad1 Qc7 16. Ba1 Rcd8 17. Nf3 Bf5 18. Qe3 Nd7 19. Rfe1 a5 20. h3 Nf6 21. Ne5 a4 22. bxa4 Nd7 23. Qb3 Nxe5 24. dxe5 Rxd1 25. Rxd1 Be6 26. f4 g5 27. Bc3 gxf4 28. gxf4 f6 29. Re1 fxe5 30. Bxe5 Bxe5 31. Rxe5 Qd7 32. Rg5+ Kh8 33. Qc3+ 1-0

[Event "ROM-chT Rapid"]
[Site "Sebes"]
[Date "2022.12.03"]
[Round "6.32"]
[White "Tarciuc, Ianis Mihai"]
[Black "Topircean, Ioan"]
[Result "1/2-1/2"]
[WhiteElo "1642"]
[BlackElo "1290"]
[PlyCount "51"]
[EventDate "2022.12.03"]
[EventType "team-swiss (rapid)"]
[EventRounds "8"]
[EventCountry "ROU"]
[SourceTitle "CBM 211 Extra"]
[Source "ChessBase"]
[SourceDate "2023.01.31"]
[SourceVersion "1"]
[SourceVersionDate "2023.01.31"]
[SourceQuality "1"]
[WhiteTeam "Alba Iulia Unirea II"]
[BlackTeam "Cugir CSO II"]
[WhiteTeamCountry "ROU"]
[BlackTeamCountry "ROU"]

1. c4 c5 2. g3 g6 3. Bg2 Bg7 4. Nc3 d6 5. d3 Bxc3+ 6. bxc3 e6 7. Rb1 Qc7 8. Bg5 f6 9. Bd2 Ne7 10. Nf3 Nbc6 11. 0-0 0-0 12. Qc2 b6 13. a4 Bb7 14. e4 f5 15. Ng5 Qd7 16. exf5 Nxf5 17. Nxe6 Qxe6 18. Bd5 Nfd4 19. Bxe6+ Kg7 20. cxd4 Nxd4 21. Bc3 Rae8 22. Bxd4+ cxd4 23. Rfe1 Rf6 24. Bd5 Ref8 25. Re7+ Kh8 26. Rxb7 1/2-1/2

[Event "FISCA Online op"]
[Site "Chess.com INT"]
[Date "2020.06.26"]
[Round "7"]
[White "Burja Udrea, Razvan Andrei"]
[Black "Tarciuc, Ianis Mihai"]
[Result "0-1"]
[WhiteElo "1246"]
[BlackElo "1499"]
[PlyCount "114"]
[EventDate "2020.06.19"]
[EventType "swiss"]
[EventRounds "9"]
[EventCountry "ROU"]
[SourceTitle "CBM 197 Extra"]
[Source "ChessBase"]
[SourceDate "2020.09.30"]
[SourceVersion "1"]
[SourceVersionDate "2020.09.30"]
[SourceQuality "1"]

1. e4 e6 2. d4 d5 3. e5 c5 4. c3 Nc6 5. Nf3 Qb6 6. a3 Nh6 7. Bd3 Bd7 8. Bc2 Rc8 9. b4 cxd4 10. cxd4 Nf5 11. Bxf5 exf5 12. Bb2 a5 13. 0-0 axb4 14. axb4 Bxb4 15. Nbd2 0-0 16. Nb3 Na5 17. Nxa5 Bxa5 18. Ba3 Rfe8 19. Bd6 Bb5 20. Ng5 h6 21. Qh5 hxg5 22. Rfb1 Bc3 23. Ra3 Be2 24. Rxb6 Bxh5 25. h3 Bxd4 26. Rxb7 Bxe5 27. Bxe5 Rxe5 28. Raa7 g4 29. hxg4 fxg4 30. Kh2 Rd8 31. Kg3 d4 32. Rd7 Rd5 33. Rxd8+ Rxd8 34. Ra1 d3 35. Rd1 d2 36. f3 f5 37. Kf2 g5 38. Ke2 gxf3+ 39. gxf3 g4 40. Rxd2 gxf3+ 41. Ke1 Rxd2 42. Kxd2 f2 43. Ke3 f1Q 44. Kd4 Qd1+ 45. Ke5 Qe2+ 46. Kxf5 Bg4+ 47. Kg5 Qe4 48. Kh6 Qe6+ 49. Kg5 Qf5+ 50. Kh4 Bd1 51. Kg3 Kg7 52. Kg2 Kg6 53. Kg3 Kg5 54. Kg2 Kg4 55. Kh1 Qc2 56. Kg1 Kg3 57. Kh1 Qh2# 0-1

[Event "FISCA Online op"]
[Site "Chess.com INT"]
[Date "2020.06.22"]
[Round "4"]
[White "Tarciuc, Ianis Mihai"]
[Black "Rakshith, Srinivasan"]
[Result "0-1"]
[WhiteElo "1499"]
[BlackElo "1899"]
[PlyCount "78"]
[EventDate "2020.06.19"]
[EventType "swiss"]
[EventRounds "9"]
[EventCountry "ROU"]
[SourceTitle "CBM 197 Extra"]
[Source "ChessBase"]
[SourceDate "2020.09.30"]
[SourceVersion "1"]
[SourceVersionDate "2020.09.30"]
[SourceQuality "1"]

1. d4 Nf6 2. Bf4 g6 3. Nf3 Bg7 4. e3 d6 5. Bc4 0-0 6. c3 Nh5 7. Bg5 h6 8. Bh4 g5 9. Bg3 Nxg3 10. hxg3 Bg4 11. Nbd2 Nd7 12. Qc2 e6 13. 0-0-0 d5 14. Bd3 f5 15. Rh2 c5 16. Rdh1 c4 17. Bf1 b5 18. Ne1 f4 19. gxf4 gxf4 20. e4 dxe4 21. Qxe4 Qc7 22. Rh4 Nf6 23. Qe5 Qb6 24. Qxf4 Bf5 25. g4 Bg6 26. Qg3 Ne4 27. Nxe4 Bxe4 28. Bg2 Bxg2 29. Qxg2 b4 30. Nc2 bxc3 31. bxc3 Rab8 32. Kd2 Qd6 33. g5 hxg5 34. Qxg5 Rxf2+ 35. Ke3 Rf5 36. Qg6 Kf8 37. Rh7 Qf4+ 38. Ke2 Qf2+ 39. Kd1 Rb1# 0-1

[Event "ROM-ch U10"]
[Site "Calimanesti Caciulata"]
[Date "2016.04.24"]
[Round "8"]
[White "Tarciuc, Ianis Mihai"]
[Black "Marginean, Bogdan Andrei"]
[Result "1/2-1/2"]
[WhiteElo "1367"]
[BlackElo "1378"]
[PlyCount "72"]
[EventDate "2016.04.18"]
[EventType "swiss"]
[EventRounds "9"]
[EventCountry "ROU"]
[SourceTitle "EXT 2017"]
[Source "ChessBase"]
[SourceDate "2016.10.25"]
[SourceVersion "1"]
[SourceVersionDate "2016.10.25"]
[SourceQuality "1"]

1. d4 d5 2. Nf3 Nf6 3. Bf4 c5 4. c3 Nc6 5. e3 Qb6 6. Qc1 c4 7. Nbd2 h6 8. Be2 Bf5 9. Ne5 Nxe5 10. Bxe5 e6 11. Bxf6 gxf6 12. e4 Bh7 13. exd5 exd5 14. Bf3 Qe6+ 15. Kf1 Bd3+ 16. Kg1 Kd7 17. Qe1 Qc6 18. g3 Re8 19. Qd1 Rg8 20. Kg2 Bd6 21. Re1 Bc7 22. Be2 Bf5 23. Bh5 Be6 24. Re3 Rg5 25. h4 Rg7 26. Nf1 Kc8 27. Kh2 Reg8 28. Qe2 b5 29. Re1 Kb7 30. f4 Bd6 31. Qf2 f5 32. Nd2 Bd7 33. Nf3 Be6 34. Qe2 Qc7 35. Qf2 Qc6 36. Qe2 Qc7 1/2-1/2

[Event "ROM-ch U10"]
[Site "Calimanesti Caciulata"]
[Date "2016.04.20"]
[Round "3"]
[White "Cristinescu, Darius Petre"]
[Black "Tarciuc, Ianis Mihai"]
[Result "1-0"]
[WhiteElo "1231"]
[BlackElo "1367"]
[PlyCount "93"]
[EventDate "2016.04.18"]
[EventType "swiss"]
[EventRounds "9"]
[EventCountry "ROU"]
[SourceTitle "CBM 172 Extra"]
[Source "ChessBase"]
[SourceDate "2016.06.21"]
[SourceVersion "1"]
[SourceVersionDate "2016.06.21"]
[SourceQuality "1"]

1. e4 e5 2. Nf3 Nc6 3. Nc3 Nf6 4. h3 Bc5 5. Nxe5 Nxe5 6. d4 Bxd4 7. Qxd4 d6 8. Bf4 Qe7 9. Nd5 Nxd5 10. Qxd5 Qe6 11. Qd4 f6 12. Be2 b6 13. 0-0 Bb7 14. Bd3 Nxd3 15. cxd3 Rd8 16. Qa4+ Qd7 17. Qxa7 Bc6 18. Qa3 0-0 19. Qc3 d5 20. Rac1 Bb7 21. Bxc7 Rc8 22. a4 Rf7 23. Qb4 Rxc7 24. Qxb6 Rxc1 25. Rxc1 dxe4 26. dxe4 Qxa4 27. Qe6 Qxe4 28. Rc8+ Bxc8 29. Qxe4 f5 30. Qc4 Bd7 31. b4 Kf8 32. b5 Bxb5 33. Qxb5 g6 34. Qb4+ Kg7 35. g4 fxg4 36. Qxg4 Kg8 37. Qd4 h6 38. Kg2 Kh7 39. Kg3 g5 40. Qe4+ Kg7 41. Qe5+ Kg8 42. Qc5 h5 43. h4 g4 44. Qg5+ Kh7 45. Qxh5+ Kg7 46. Qxg4+ Kh7 47. Qd4 1-0

[Event "ROM-ch U10"]
[Site "Calimanesti Caciulata"]
[Date "2016.04.19"]
[Round "2"]
[White "Tarciuc, Ianis Mihai"]
[Black "Creanga, Robert Ionut"]
[Result "0-1"]
[WhiteElo "1367"]
[BlackElo "1907"]
[PlyCount "102"]
[EventDate "2016.04.18"]
[EventType "swiss"]
[EventRounds "9"]
[EventCountry "ROU"]
[SourceTitle "CBM 172 Extra"]
[Source "ChessBase"]
[SourceDate "2016.06.21"]
[SourceVersion "1"]
[SourceVersionDate "2016.06.21"]
[SourceQuality "1"]

1. d4 Nf6 2. Bf4 g6 3. Nf3 Bg7 4. e3 0-0 5. Bd3 d6 6. Nbd2 Nbd7 7. e4 Re8 8. 0-0 e5 9. dxe5 dxe5 10. Bg3 Nh5 11. Bh4 Bf6 12. Bxf6 Qxf6 13. Be2 Nb6 14. Ne1 Nf4 15. Nd3 Rd8 16. Nxf4 Qxf4 17. Bd3 c5 18. Qe2 Na4 19. b3 Nb2 20. Rab1 Nxd3 21. cxd3 Qg5 22. g3 Be6 23. Rfd1 h5 24. h4 Qe7 25. Qe3 Kg7 26. Nc4 Bxc4 27. dxc4 Rd4 28. Kg2 Rad8 29. Qe1 Qd6 30. Rxd4 Qxd4 31. Kf1 Qd3+ 32. Kg2 Rd4 33. f3 Qc2+ 34. Kg1 Rd2 35. Qf1 Qxa2 36. f4 exf4 37. gxf4 Rb2 38. Rxb2 Qxb2 39. Qf3 Qd4+ 40. Kg2 a6 41. f5 b5 42. cxb5 axb5 43. Kg3 c4 44. bxc4 bxc4 45. fxg6 fxg6 46. Qf4 Qg1+ 47. Kh3 Qg4+ 48. Qxg4 hxg4+ 49. Kxg4 c3 50. e5 c2 51. e6 c1Q 0-1

[Event "ROM-ch U08"]
[Site "Calimanesti"]
[Date "2014.04.11"]
[Round "7"]
[White "Filip, Andrei"]
[Black "Tarciuc, Ianis Mihai"]
[Result "0-1"]
[WhiteElo "1019"]
[BlackElo "1090"]
[PlyCount "44"]
[EventDate "2014.04.06"]
[EventType "swiss"]
[EventRounds "9"]
[EventCountry "ROU"]
[SourceTitle "CBM 160 Extra"]
[Source "ChessBase"]
[SourceDate "2014.07.01"]
[SourceVersion "1"]
[SourceVersionDate "2014.07.01"]
[SourceQuality "1"]

1. d4 d5 2. c4 dxc4 3. e4 b5 4. a4 Ba6 5. axb5 Bxb5 6. Nc3 Ba6 7. b3 e6 8. Bxc4 Bxc4 9. bxc4 Bb4 10. Qa4+ Qd7 11. Qxb4 Nc6 12. Qc5 Nxd4 13. Ra2 Nb3 14. Qe3 Rd8 15. Rxa7 Nd4 16. Qg3 Nh6 17. Rxc7 Nc2+ 18. Kf1 Qd4 19. Bb2 Rb8 20. Nf3 Qd3+ 21. Ne2 Qd1+ 22. Ne1 Qxe1# 0-1

[Event "ROM-ch U08"]
[Site "Calimanesti"]
[Date "2014.04.10"]
[Round "6"]
[White "Tarciuc, Ianis Mihai"]
[Black "Mihai, Florin"]
[Result "0-1"]
[WhiteElo "1090"]
[BlackElo "1264"]
[PlyCount "72"]
[EventDate "2014.04.06"]
[EventType "swiss"]
[EventRounds "9"]
[EventCountry "ROU"]
[SourceTitle "CBM 160 Extra"]
[Source "ChessBase"]
[SourceDate "2014.07.01"]
[SourceVersion "1"]
[SourceVersionDate "2014.07.01"]
[SourceQuality "1"]

1. d4 d5 2. e3 Nf6 3. Bd3 e6 4. f4 c5 5. c3 Nc6 6. Nd2 cxd4 7. cxd4 Bd6 8. Nh3 0-0 9. 0-0 Bd7 10. Qf3 h6 11. a3 a5 12. b3 Qc7 13. Bb2 Rfc8 14. Rfc1 Qd8 15. Bb5 Nxd4 16. Bxd4 Bxb5 17. Bxf6 Qxf6 18. e4 Rxc1+ 19. Rxc1 Qb2 20. Qc3 Qxc3 21. Rxc3 Bxa3 22. exd5 exd5 23. Nb1 Bb4 24. Rc7 Bc6 25. Nf2 Re8 26. h3 Bd6 27. Rxc6 bxc6 28. Nd2 Bxf4 29. Nf3 Bc7 30. g4 Bb6 31. Kg2 Re2 32. Kg3 Rxf2 33. h4 Rb2 34. g5 Bc7+ 35. Kg4 hxg5 36. Nxg5 Rxb3 0-1

[Event "ROM-ch U08"]
[Site "Calimanesti"]
[Date "2014.04.08"]
[Round "3"]
[White "Visanescu, Dragos Nicholas"]
[Black "Tarciuc, Ianis Mihai"]
[Result "0-1"]
[WhiteElo "1012"]
[BlackElo "1090"]
[PlyCount "32"]
[EventDate "2014.04.06"]
[EventType "swiss"]
[EventRounds "9"]
[EventCountry "ROU"]
[SourceTitle "CBM 160 Extra"]
[Source "ChessBase"]
[SourceDate "2014.07.01"]
[SourceVersion "1"]
[SourceVersionDate "2014.07.01"]
[SourceQuality "1"]

1. e4 e5 2. Nf3 Nf6 3. Nc3 Nc6 4. Bc4 Bb4 5. a3 Bxc3 6. bxc3 Nxe4 7. 0-0 0-0 8. Qe1 Nf6 9. d4 Re8 10. Qd1 d6 11. Ng5 Rf8 12. Re1 h6 13. Nf3 Bg4 14. h3 Bxf3 15. Qxf3 Re8 16. Qg3 Nh5 0-1